Municipios de las Islas Canarias (con un mapa) - Estadísticas

Estadísticas generales
  • Esta prueba ha sido intentada 6.235 veces
  • La puntuación promedio es 48 de 88
Respuestas en el mapa
Las respuestas están codificadas por una escala verde-roja en el mapa de la prueba según el % correcto abajo.
 
Estadísticas de respuestas
Municipio % Correcto
Santa Cruz de la Palma
93%
Santa Cruz de Tenerife
93%
Las Palmas de Gran Canaria
90%
San Cristóbal de la Laguna
82%
Arrecife
76%
Telde
73%
Adeje
72%
Puerto del Rosario
69%
La Orotava
68%
Puerto de la Cruz
67%
San Bartolomé
67%
San Bartolomé de Tirajana
67%
San Sebastián de La Gomera
67%
Valverde
67%
Arona
65%
Icod de los Vinos
64%
Arucas
62%
Candelaria
62%
Santa María de Guía de Gran Canaria
62%
Güimar
61%
Gáldar
60%
Guía de Isora
59%
Tacoronte
59%
Tegueste
59%
Agaete
58%
Mogán
58%
Santa Luciá de Tirajana
58%
Teror
58%
Santiago del Teide
57%
Teguise
57%
Garachico
56%
La Frontera
56%
La Matanza de Acentejo
56%
Yaiza
56%
Granadilla de Abona
54%
Los Llanos de Aridane
54%
La Aldea de San Nicolás
53%
La Victoria de Acentejo
53%
Los Realejos
53%
Agüimes
52%
Buenavista del Norte
51%
La Oliva
51%
Pájara
51%
Tejeda
51%
Tías
51%
El Paso
50%
El Pinar de El Hierro
50%
El Rosario
50%
Firgas
50%
Ingenio
50%
San Miguel de Abona
49%
Santa Brígida
49%
Santa Úrsula
49%
Valle Gran Rey
49%
Vilaflor
49%
Haría
48%
Moya
48%
San Juan de la Rambla
48%
Arico
47%
Betancuria
47%
El sauzal
47%
El Tanque
47%
Tazacorte
47%
Vallehermoso
47%
Arafo
46%
Fuencaliente de la Palma
46%
Valsequillo
46%
Vega de San Mateo
46%
Antigua
45%
Breña Alta
45%
Breña Baja
45%
Fasnia
45%
Hermigua
45%
La Guancha
45%
Los Silos
45%
Puntagorda
45%
Valleseco
45%
Agulo
44%
Artenara
43%
San Andrés y Sauces
43%
Alajeró
42%
Tuineje
41%
Barlovento
40%
Puntallana
40%
Tijarafe
40%
Garafía
39%
Tinajo
39%
Villa de Mazo
36%
No se encontraron pruebas coincidentes
Distribución de puntuación
Porcentaje de gente con cada puntuación
Porcentaje por número respondido
Historial de tus puntuaciones
No has intentado esta prueba.